[Event "1st OHRA Open"]
[Site "Amsterdam NED"]
[Date "1982.07.09"]
[Round "3"]
[White "Meulders, Richard"]
[Black "Ree, Hans"]
[Result "1/2-1/2"]
[WhiteElo "2350"]
[BlackElo "2490"]
[EventDate "1982.07.07"]
[PlyCount "69"]

1.d4 Nf6 2.c4 g6 3.Nc3 Bg7 4.e4 d6 5.Nf3 O-O 6.h3 e5 7.d5 Na6 8.Be3 Nh5 9.
Nd2 Qe8 10.Nb3 f5 11.c5 Nf6 12.f3 fxe4 13.Nxe4 Nxe4 14.fxe4 Qe7 15.Bxa6 
Qh4+ 16.Kd2 bxa6 17.g4 Bh6 18.Qe1 Qf2+ 19.Qxf2 Rxf2+ 20.Kd3 Rf3 21.Rae1 a5
22.Nxa5 Rb8 23.b3 Ba6+ 24.Kd2 Rf2+ 25.Kc3 Bxe3 26.Rxe3 Rxa2 27.Nc6 Rb5 28.
Nxa7 Rxc5+ 29.Kb4 Rcc2 30.g5 Rc5 31.h4 Be2 32.Rh2 Rxa7 33.Rhxe2 c6 34.dxc6
Rxc6 35.Rf2 1/2-1/2

[Event "1st OHRA Open"]
[Site "Amsterdam NED"]
[Date "1982.07.10"]
[Round "4"]
[White "Kuijf, Hans"]
[Black "Donner, Jan"]
[Result "1/2-1/2"]
[WhiteElo "2310"]
[BlackElo "2430"]
[EventDate "1982.07.07"]
[PlyCount "29"]

1.e4 e6 2.d3 d5 3.Nd2 Nf6 4.Ngf3 Nc6 5.g3 dxe4 6.dxe4 Bc5 7.Bg2 O-O 8.O-O 
e5 9.c3 a5 10.Qc2 Nd7 11.Nc4 f6 12.Nh4 Nb6 13.Be3 Bxe3 14.Nxe3 Qe8 15.Rad1
1/2-1/2

[Event "1st OHRA Open"]
[Site "Amsterdam NED"]
[Date "1982.07.10"]
[Round "4"]
[White "King, Daniel John"]
[Black "Van Wijgerden, Cornelis"]
[Result "0-1"]
[WhiteElo "2430"]
[BlackElo "2425"]
[EventDate "1982.07.07"]
[PlyCount "76"]

1.Nf3 d5 2.d4 Nf6 3.g3 c6 4.Bg2 Bf5 5.O-O e6 6.c4 Be7 7.Qb3 Qb6 8.Qxb6 
axb6 9.Nbd2 O-O 10.b3 Nbd7 11.Nh4 Bc2 12.Bb2 h6 13.Rfc1 Bh7 14.a4 Bb4 15.
Bc3 Bxc3 16.Rxc3 Ra5 17.Nhf3 Rfa8 18.Rac1 dxc4 19.Nxc4 Nd5 20.Nxa5 Nxc3 
21.Rxc3 Rxa5 22.Nd2 b5 23.axb5 Rxb5 24.Nc4 Kf8 25.Kf1 Nf6 26.Ke1 Nd5 27.
Bxd5 exd5 28.Nb2 Rb4 29.e3 Ke7 30.Kd2 Rb5 31.h4 Kd6 32.Na4 Bf5 33.Kc1 b6 
34.Kb2 c5 35.Rc1 c4 36.Rc3 Bd7 37.Kc2 Rxb3 38.Nb2 Bf5+ 0-1

[Event "1st OHRA Open"]
[Site "Amsterdam NED"]
[Date "1982.07.10"]
[Round "4"]
[White "Van Mil, Johannes"]
[Black "Ligterink, Gert"]
[Result "1/2-1/2"]
[WhiteElo "2315"]
[BlackElo "2465"]
[EventDate "1982.07.07"]
[PlyCount "57"]

1.e4 c5 2.Nf3 d6 3.d4 cxd4 4.Nxd4 Nf6 5.Nc3 e6 6.f4 Nc6 7.Nf3 Be7 8.Bd3 
O-O 9.O-O Nb4 10.Qe1 b6 11.Be3 Bb7 12.Qg3 Rc8 13.Rad1 Nxd3 14.cxd3 Qd7 15.
f5 exf5 16.Nd4 f4 17.Qxf4 Nh5 18.Qf3 g6 19.Nf5 Qxf5 20.exf5 Bxf3 21.Rxf3 
Nf6 22.Bd4 d5 23.fxg6 fxg6 24.Rdf1 Rc6 25.g4 Nxg4 26.Nxd5 Bd6 27.h3 Rxf3 
28.Rxf3 Rc1+ 29.Rf1 1/2-1/2

[Event "1st OHRA Open"]
[Site "Amsterdam NED"]
[Date "1982.07.10"]
[Round "4"]
[White "Langeweg, Christian"]
[Black "Borm, Franciscus"]
[Result "1/2-1/2"]
[WhiteElo "2395"]
[BlackElo "2330"]
[EventDate "1982.07.07"]
[PlyCount "94"]

1.d4 d5 2.Nf3 Nf6 3.c4 e6 4.Nc3 c6 5.Bg5 Nbd7 6.e3 Bb4 7.Qc2 O-O 8.cxd5 
exd5 9.Bd3 h6 10.Bh4 Re8 11.O-O Be7 12.Bg3 Nf8 13.h3 a6 14.Rab1 Bd6 15.
Bxd6 Qxd6 16.b4 Ne6 17.Ne5 a5 18.a3 Nd7 19.Bh7+ Kf8 20.f4 Nd8 21.Rf3 Qe7 
22.Ne2 Nf6 23.Nc3 axb4 24.axb4 Ra3 25.Bd3 Kg8 26.Qb2 Ra8 27.Qb3 Qc7 28.Qc2
Qe7 29.Kh1 Qd6 30.g4 Nd7 31.Ne2 Qe7 32.Ng3 Nxe5 33.fxe5 Rf8 34.Nf5 Qc7 35.
Nd6 Be6 36.Bh7+ Kh8 37.Bf5 Kg8 38.Rbf1 Bxf5 39.gxf5 f6 40.Rg1 Nf7 41.Rfg3 
Nxd6 42.exd6 Qd7 43.Rxg7+ Qxg7 44.Rxg7+ Kxg7 45.Qg2+ Kh8 46.Qg6 Ra1+ 47.
Kh2 Ra2+ 1/2-1/2

[Event "1st OHRA Open"]
[Site "Amsterdam NED"]
[Date "1982.07.10"]
[Round "4"]
[White "Grunfeld, Yehuda"]
[Black "Pliester, Leon"]
[Result "1-0"]
[WhiteElo "2480"]
[BlackElo "2300"]
[EventDate "1982.07.07"]
[PlyCount "54"]

1.e4 e5 2.Nf3 Nc6 3.Bb5 Nf6 4.O-O Nxe4 5.d4 a6 6.Ba4 b5 7.Bb3 d5 8.dxe5 
Be6 9.c3 Nc5 10.Bc2 Bg4 11.Re1 Ne6 12.Nbd2 Bc5 13.Nb3 Bb6 14.a4 Ne7 15.
axb5 axb5 16.Rxa8 Qxa8 17.Qd3 c6 18.Nfd4 Qb7 19.Qg3 h5 20.h3 Nxd4 21.cxd4 
Be6 22.Qxg7 Rg8 23.Qf6 Bxh3 24.Bg5 Be6 25.Ra1 Bc8 26.Bh7 Rf8 27.Ra8 Qxa8 
1-0

[Event "1st OHRA Open"]
[Site "Amsterdam NED"]
[Date "1982.07.10"]
[Round "4"]
[White "Van der Vliet, Fredrik"]
[Black "Hess, Ralf"]
[Result "1/2-1/2"]
[WhiteElo "2390"]
[BlackElo "2370"]
[EventDate "1982.07.07"]
[PlyCount "55"]

1.d4 Nf6 2.c4 e6 3.g3 d5 4.Bg2 dxc4 5.Qa4+ Nbd7 6.Nf3 a6 7.Qxc4 b5 8.Qc6 
Ra7 9.Be3 Bb7 10.Qc1 Ra8 11.O-O Rc8 12.Rd1 Bd6 13.a3 c5 14.dxc5 Bxc5 15.
Bxc5 Rxc5 16.Qe3 Qc7 17.Nbd2 O-O 18.Nb3 Rc4 19.Rac1 Bd5 20.Rxc4 Qxc4 21.
Nbd4 Rc8 22.Qd2 g6 23.Ne1 Bxg2 24.Nxg2 Qc7 25.Ne3 Ne5 26.Qb4 Rd8 27.Qb3 
Qb6 28.Ndc2 1/2-1/2

[Event "1st OHRA Open"]
[Site "Amsterdam NED"]
[Date "1982.07.10"]
[Round "4"]
[White "Kuligowski, Adam"]
[Black "Bohm, Hans"]
[Result "1/2-1/2"]
[WhiteElo "2450"]
[BlackElo "2385"]
[EventDate "1982.07.07"]
[PlyCount "47"]

1.c4 f5 2.Nf3 Nf6 3.g3 b6 4.Bg2 Bb7 5.d4 g6 6.O-O Bg7 7.d5 b5 8.Nc3 bxc4 
9.Nd2 e5 10.dxe6 Bxg2 11.exd7+ Nbxd7 12.Kxg2 Nb6 13.Qc2 O-O 14.Rd1 Qe8 15.
Nf3 Qc6 16.Be3 Rae8 17.Bd4 Re7 18.Kg1 Rfe8 19.Re1 h6 20.Rad1 a6 21.Nb1 Kh7
22.Nc3 Kg8 23.Nh4 Kh7 24.Nf3 1/2-1/2

[Event "1st OHRA Open"]
[Site "Amsterdam NED"]
[Date "1982.07.10"]
[Round "4"]
[White "Iskov, Gert"]
[Black "Grooten, Herman"]
[Result "1-0"]
[WhiteElo "2345"]
[BlackElo "2305"]
[EventDate "1982.07.07"]
[PlyCount "53"]

1.e4 c5 2.Nc3 e6 3.Nge2 Nc6 4.g3 d5 5.exd5 exd5 6.Bg2 Nf6 7.d4 Bg4 8.Be3 
cxd4 9.Bxd4 Nxd4 10.Qxd4 Rc8 11.Nxd5 Qa5+ 12.c3 Bxe2 13.Qe5+ Kd8 14.Qxe2 
Nxd5 15.O-O-O Rc5 16.Rxd5+ Rxd5 17.Bxd5 Kc7 18.Rd1 Bd6 19.Bxf7 Qg5+ 20.Rd2
Rd8 21.f4 Qf6 22.Bd5 a6 23.Bg2 Qf7 24.Qe4 Kb8 25.Qxh7 Bxf4 26.gxf4 Qxf4 
27.Bd5 1-0

[Event "1st OHRA Open"]
[Site "Amsterdam NED"]
[Date "1982.07.10"]
[Round "4"]
[White "Hartoch, Robert"]
[Black "Van Baarle, John"]
[Result "1/2-1/2"]
[WhiteElo "2390"]
[BlackElo "2315"]
[EventDate "1982.07.07"]
[PlyCount "37"]

1.e4 e5 2.Nf3 Nf6 3.Nc3 Nc6 4.d4 exd4 5.Nxd4 Bb4 6.Nxc6 bxc6 7.Bd3 d5 8.
exd5 cxd5 9.Qe2+ Be7 10.O-O O-O 11.Bf4 c6 12.Na4 Re8 13.Qd2 c5 14.c4 Bb7 
15.Qc2 Qd7 16.Rfe1 d4 17.b3 Bd6 18.Bxd6 Qxd6 19.f3 1/2-1/2

[Event "1st OHRA Open"]
[Site "Amsterdam NED"]
[Date "1982.07.11"]
[Round "5"]
[White "Hort, Vlastimil"]
[Black "Short, Nigel David"]
[Result "1-0"]
[WhiteElo "2600"]
[BlackElo "2485"]
[EventDate "1982.07.07"]
[PlyCount "106"]

1.e4 d6 2.d4 Nf6 3.Nc3 g6 4.f4 Bg7 5.e5 dxe5 6.dxe5 Qxd1+ 7.Kxd1 Ng4 8.Nd5
Kd8 9.Ke1 c6 10.Nc3 f6 11.h3 Nh6 12.Nf3 Nf7 13.Bc4 Rf8 14.Rf1 Kc7 15.Rf2 
Na6 16.Be3 fxe5 17.Bxf7 Rxf7 18.Ng5 Rf5 19.g4 Rf8 20.Nxh7 Rh8 21.Ng5 Bd7 
22.fxe5 Bxe5 23.Bf4 Bxf4 24.Rxf4 Nc5 25.Rd1 Raf8 26.Rc4 Ne6 27.Nxe6+ Bxe6 
28.Re4 Bc8 29.Rxe7+ Kb8 30.Rd3 Rf4 31.Ne4 Rhf8 32.Kd2 Rf1 33.Nd6 Rh1 34.
Re8 Rh2+ 35.Kc3 Rxe8 36.Nxe8 a6 37.Nf6 Kc7 38.a4 a5 39.b3 Rf2 40.Ne8+ Kb6 
41.Nd6 Be6 42.Re3 Bd5 43.Re7 Rh2 44.Rg7 g5 45.Kd3 Bf3 46.Rxb7+ Kc5 47.Ne4+
Bxe4+ 48.Kxe4 Rxc2 49.Kf5 Rc3 50.Kxg5 Rxh3 51.Kg6 Kd4 52.g5 Rc3 53.Kg7 Rg3
1-0

[Event "1st OHRA Open"]
[Site "Amsterdam NED"]
[Date "1982.07.11"]
[Round "5"]
[White "Pliester, Leon"]
[Black "Hartoch, Robert"]
[Result "1-0"]
[WhiteElo "2300"]
[BlackElo "2390"]
[EventDate "1982.07.07"]
[PlyCount "81"]

1.e4 d6 2.d4 Nf6 3.f3 c5 4.c3 Nbd7 5.Be3 g6 6.Bd3 Bg7 7.Ne2 O-O 8.O-O b6 
9.Nd2 Bb7 10.a4 a6 11.b4 Qc7 12.Qb1 Rab8 13.Qa2 e5 14.dxc5 dxc5 15.b5 axb5
16.axb5 Rfd8 17.Bc4 Nf8 18.Qb3 Ne8 19.f4 Bh6 20.Rf3 Bc8 21.h3 Ne6 22.Raf1 
N8g7 23.Bd5 Nh5 24.fxe5 Bxe3+ 25.Rxe3 Qxe5 26.Nc4 Qc7 27.Ref3 Rf8 28.e5 
Bb7 29.Bxb7 Rxb7 30.Nd6 c4 31.Qxc4 Qxc4 32.Nxc4 Nc5 33.Nd4 Ng7 34.Nd6 Rc7 
35.Nc6 Nge6 36.Nb4 Ng5 37.Re3 Nd7 38.Nd5 Rc5 39.Nf6+ Nxf6 40.Rxf6 h5 41.h4
1-0

[Event "1st OHRA Open"]
[Site "Amsterdam NED"]
[Date "1982.07.11"]
[Round "5"]
[White "Borm, Franciscus"]
[Black "King, Daniel John"]
[Result "1/2-1/2"]
[WhiteElo "2330"]
[BlackElo "2430"]
[EventDate "1982.07.07"]
[PlyCount "72"]

1.e4 c5 2.Nf3 e6 3.d4 cxd4 4.Nxd4 Nf6 5.Nc3 Nc6 6.Ndb5 d6 7.Bf4 e5 8.Bg5 
a6 9.Na3 b5 10.Nd5 Be7 11.Bxf6 Bxf6 12.c3 O-O 13.Nc2 Rb8 14.h4 a5 15.a3 g6
16.h5 Bg7 17.g3 Qg5 18.Bh3 Be6 19.hxg6 hxg6 20.Nce3 Rb7 21.Qd3 Rfb8 22.Rd1
Bf8 23.Qf1 f5 24.Qg2 b4 25.axb4 axb4 26.f4 exf4 27.gxf4 Qxg2 28.Bxg2 Bxd5 
29.Nxd5 bxc3 30.bxc3 Rb2 31.O-O Bg7 32.exf5 gxf5 33.Bh3 Kf7 34.Rf2 Ne7 35.
Rxb2 Rxb2 36.c4 Rc2 1/2-1/2

[Event "1st OHRA Open"]
[Site "Amsterdam NED"]
[Date "1982.07.11"]
[Round "5"]
[White "Van der Wiel, John"]
[Black "Sosonko, Gennadi"]
[Result "1/2-1/2"]
[WhiteElo "2520"]
[BlackElo "2575"]
[EventDate "1982.07.07"]
[PlyCount "30"]

1.e4 c6 2.d4 d5 3.e5 Bf5 4.Nc3 e6 5.g4 Bg6 6.Nge2 c5 7.Be3 Nc6 8.dxc5 Qh4 
9.Nb5 Be4 10.Nc7+ Kd7 11.Nxa8 Bxh1 12.Ng3 Qxh2 13.b4 Nh6 14.Qe2 Be7 15.b5 
Nxe5 1/2-1/2

[Event "1st OHRA Open"]
[Site "Amsterdam NED"]
[Date "1982.07.11"]
[Round "5"]
[White "Van Baarle, John"]
[Black "Van der Vliet, Fredrik"]
[Result "1-0"]
[WhiteElo "2315"]
[BlackElo "2390"]
[EventDate "1982.07.07"]
[PlyCount "69"]

1.c4 e5 2.Nc3 Nf6 3.Nf3 Nc6 4.e3 Bb4 5.Qc2 Bxc3 6.Qxc3 Qe7 7.d3 d5 8.Be2 
O-O 9.O-O Bg4 10.cxd5 Nxd5 11.Qb3 Nb6 12.a3 a5 13.Qc2 a4 14.Bd2 f5 15.Bc3 
e4 16.dxe4 fxe4 17.Nd4 Nxd4 18.Bxd4 Bxe2 19.Qxe2 Nd5 20.Rac1 Rf5 21.Rc4 
Qh4 22.Qc2 Rg5 23.g3 b5 24.Rc5 Qg4 25.Rxb5 Rh5 26.Qc6 Rd8 27.h4 h6 28.Ra5 
Kh7 29.Qxa4 Rxh4 30.Qd1 Qg6 31.Qe2 Rg4 32.Kg2 c6 33.Ra7 Qf5 34.f3 exf3+ 
35.Qxf3 1-0

[Event "1st OHRA Open"]
[Site "Amsterdam NED"]
[Date "1982.07.11"]
[Round "5"]
[White "Van der Sterren, Paul"]
[Black "Grunfeld, Yehuda"]
[Result "1-0"]
[WhiteElo "2465"]
[BlackElo "2480"]
[EventDate "1982.07.07"]
[PlyCount "89"]

1.d4 Nf6 2.c4 c5 3.d5 e6 4.Nc3 exd5 5.cxd5 d6 6.Nf3 g6 7.Nd2 Nbd7 8.e4 Bg7
9.Be2 O-O 10.O-O Re8 11.a4 Ne5 12.h3 g5 13.Nf3 Nxf3+ 14.Bxf3 Re5 15.Be2 
Nxe4 16.f4 Nxc3 17.bxc3 gxf4 18.Bxf4 Qh4 19.Bd3 Bd7 20.Qf3 Rf8 21.Bxe5 
Bxe5 22.Rab1 Bc8 23.Bf5 Bxf5 24.Qxf5 b6 25.Rbe1 Qg3 26.Qf3 Qg7 27.c4 f5 
28.Kh1 Kh8 29.Re2 Qg5 30.Ra2 Qh4 31.g4 Rg8 32.Rg2 f4 33.g5 Rxg5 34.Rxg5 
Qxg5 35.Qg4 Qd8 36.Qf5 Qe8 37.Rg1 Bd4 38.Qe6 Qd8 39.Rg4 f3 40.Qf7 f2 41.
Kg2 a6 42.Kf1 b5 43.Re4 Be5 44.cxb5 axb5 45.axb5 1-0

[Event "1st OHRA Open"]
[Site "Amsterdam NED"]
[Date "1982.07.11"]
[Round "5"]
[White "Kuijf, Marinus"]
[Black "Kuligowski, Adam"]
[Result "0-1"]
[WhiteElo "2370"]
[BlackElo "2450"]
[EventDate "1982.07.07"]
[PlyCount "88"]

1.e4 c5 2.Nc3 d6 3.Nge2 Nf6 4.g3 g6 5.Bg2 Nc6 6.O-O Bg7 7.d3 Rb8 8.f4 Bd7 
9.f5 Ne5 10.h3 b5 11.Nf4 gxf5 12.exf5 Bxf5 13.Nh5 Nxh5 14.Rxf5 Nf6 15.Bg5 
O-O 16.Qd2 Ne8 17.Raf1 Qd7 18.Ne4 f6 19.Be3 e6 20.R5f2 f5 21.Ng5 Nf6 22.
Qe2 Rbe8 23.Rd1 Ng6 24.Kh2 h6 25.Nf3 e5 26.Bc1 f4 27.g4 d5 28.Nd2 Qc7 29.
Kh1 Nh4 30.Rff1 Nxg2 31.Qxg2 e4 32.Rde1 f3 33.Qf2 Qc6 34.dxe4 dxe4 35.Nb3 
e3 36.Rxe3 Ne4 37.Qg1 f2 38.Qg2 Bd4 39.Nxd4 cxd4 40.Rd3 Qxc2 41.Rxd4 Qe2 
42.Rxe4 Rxe4 43.Bxh6 Rf3 44.Kh2 Rd4 0-1

[Event "1st OHRA Open"]
[Site "Amsterdam NED"]
[Date "1982.07.11"]
[Round "5"]
[White "Said, Said Ahmed"]
[Black "Kuijf, Hans"]
[Result "1-0"]
[WhiteElo "2395"]
[BlackElo "2310"]
[EventDate "1982.07.07"]
[PlyCount "86"]

1.d4 Nf6 2.c4 c5 3.d5 e5 4.Nc3 d6 5.e4 Be7 6.Nf3 O-O 7.Bd3 a6 8.Qe2 Ne8 9.
h3 g6 10.g4 Ng7 11.Bh6 Nd7 12.O-O-O Nf6 13.Rdg1 Kh8 14.Be3 Bd7 15.Nd2 Qa5 
16.f4 exf4 17.Bxf4 b5 18.Kb1 Rab8 19.Ka1 Qc7 20.Re1 Nfe8 21.h4 h5 22.gxh5 
Nxh5 23.Qf2 Bf6 24.Be2 Neg7 25.Bh6 Bd4 26.Be3 Be5 27.Bxh5 Nxh5 28.Bh6 Bg3 
29.Qf3 Bxe1 30.Rxe1 Rg8 31.Qxf7 Rb7 32.Bg5 b4 33.Bf6+ Nxf6 34.Qxf6+ Rg7 
35.Qf8+ Kh7 36.Nf3 Bg4 37.Ng5+ Kh6 38.Nd1 Bxd1 39.Rxd1 Qe7 40.Qh8+ Rh7 41.
Nxh7 Qxh7 42.Qf8+ Qg7 43.Qxd6 Rf7 1-0

[Event "1st OHRA Open"]
[Site "Amsterdam NED"]
[Date "1982.07.11"]
[Round "5"]
[White "Donner, Jan"]
[Black "Bohm, Hans"]
[Result "1-0"]
[WhiteElo "2430"]
[BlackElo "2385"]
[EventDate "1982.07.07"]
[PlyCount "89"]

1.d4 e6 2.c4 Nf6 3.Nc3 Bb4 4.e3 c5 5.Bd3 Nc6 6.Nf3 Bxc3+ 7.bxc3 d6 8.Nd2 
e5 9.d5 Ne7 10.h3 h5 11.O-O Bf5 12.e4 Bh7 13.Re1 g5 14.Nf3 g4 15.Ng5 Bg6 
16.f4 gxf3 17.Qxf3 Nh7 18.Rf1 Nxg5 19.Bxg5 Kd7 20.Qd1 Kc7 21.Qa4 Qd7 22.
Qa5+ b6 23.Qa6 Qc8 24.Qxc8+ Nxc8 25.Rf6 a6 26.a4 Ra7 27.Kf2 Kb8 28.Ke3 Rd7
29.Be2 Ne7 30.Rxd6 Rxd6 31.Bxe7 Rd7 32.Bf6 Re8 33.h4 Rb7 34.g4 hxg4 35.
Bxg4 Kc7 36.h5 Bh7 37.Bf5 Bxf5 38.exf5 b5 39.axb5 axb5 40.h6 Rb6 41.Bg7 
bxc4 42.h7 Rbb8 43.Rh1 Kd6 44.Ke4 Rb2 45.Rh6+ 1-0

[Event "1st OHRA Open"]
[Site "Amsterdam NED"]
[Date "1982.07.11"]
[Round "5"]
[White "Hess, Ralf"]
[Black "Van Mil, Johannes"]
[Result "0-1"]
[WhiteElo "2370"]
[BlackElo "2315"]
[EventDate "1982.07.07"]
[PlyCount "120"]

1.d4 Nf6 2.c4 g6 3.Nc3 d5 4.Nf3 Bg7 5.Qa4+ Bd7 6.Qb3 dxc4 7.Qxc4 O-O 8.e4 
Bg4 9.Be3 Nfd7 10.Qb3 Nb6 11.a4 a5 12.Rd1 Na6 13.Be2 Qd6 14.O-O Qb4 15.Qc2
Rfd8 16.d5 Bxf3 17.gxf3 Nc4 18.Bc1 Na3 19.Qd3 Nc5 20.bxa3 Qxc3 21.Qb5 b6 
22.Bf4 Rac8 23.Rb1 Qf6 24.Be3 Qh4 25.Kg2 Be5 26.h3 h5 27.Qc4 Rd6 28.Rh1 
Nd7 29.Kf1 Rf6 30.Qb5 Rd8 31.Rc1 Bf4 32.Qd3 Ne5 33.Qd2 Rd7 34.Rc3 g5 35.
Kg2 Ng6 36.Bb5 Rd8 37.Rc6 Rxc6 38.Bxc6 Rd6 39.Bb5 Rf6 40.Be2 Ne5 41.Qc3 c5
42.Kf1 Ng6 43.Ke1 Be5 44.Qc1 Nf4 45.Kd2 e6 46.d6 Bxd6 47.Qb2 e5 48.Qxb6 
Nxe2 49.Kxe2 g4 50.fxg4 hxg4 51.Rg1 Qxh3 52.Rg3 Qh4 53.Qxa5 Rg6 54.Qa8+ 
Kg7 55.Qd5 Qe7 56.Qa8 Qe6 57.a5 Qc4+ 58.Ke1 Be7 59.Qb8 Qxe4 60.Kd2 Rd6+ 
0-1

[Event "1st OHRA Open"]
[Site "Amsterdam NED"]
[Date "1982.07.11"]
[Round "5"]
[White "Meulders, Richard"]
[Black "Langeweg, Christian"]
[Result "0-1"]
[WhiteElo "2350"]
[BlackElo "2395"]
[EventDate "1982.07.07"]
[PlyCount "176"]

1.d4 Nf6 2.c4 e6 3.Nc3 Bb4 4.e3 O-O 5.Bd3 d5 6.Ne2 dxc4 7.Bxc4 c5 8.O-O 
cxd4 9.exd4 Nbd7 10.a3 Be7 11.Be3 Nb6 12.Ba2 Bd7 13.Rc1 Bc6 14.Nf4 Nbd5 
15.Qd3 Qd6 16.g3 Rfd8 17.Nfxd5 Bxd5 18.Bf4 Qd7 19.Bb1 g6 20.Rfe1 Bc6 21.
Rcd1 Nd5 22.Bd2 Nxc3 23.Bxc3 Qd5 24.Qe4 Qxe4 25.Bxe4 Bxe4 26.Rxe4 Bf6 27.
Kg2 Rd5 28.f4 Rc8 29.Kf3 g5 30.fxg5 Bxg5 31.Re5 Rcd8 32.Rxd5 Rxd5 33.g4 
Bf6 34.a4 h5 35.h3 hxg4+ 36.hxg4 Kg7 37.Ke4 Kg6 38.Rh1 a6 39.Rg1 Rd8 40.
Rh1 b5 41.axb5 axb5 42.b3 Bg7 43.Rh2 Ra8 44.Bb2 Ra2 45.Re2 Bh6 46.Kf3 Bg5 
47.Rg2 Bf6 48.Rf2 Be7 49.Re2 Bf6 50.Rf2 Bg7 51.Rg2 Ra8 52.Rh2 Bf6 53.Ke4 
Ra2 54.Re2 Be7 55.Kf3 Bb4 56.Rg2 Ra8 57.Ke4 Ra2 58.Kf3 Bf8 59.Re2 Bh6 60.
Bc3 Ra3 61.Rb2 Ra1 62.Re2 Rf1+ 63.Rf2 Rc1 64.Bb2 Rb1 65.Re2 Rh1 66.Kg2 Rd1
67.Bc3 Rd3 68.Rc2 Bg7 69.b4 Bxd4 70.Bd2 Rb3 71.Kf1 Rb2 72.Rxb2 Bxb2 73.Ke2
Kf6 74.Bh6 Ba3 75.Bd2 Ke5 76.Kd3 Bb2 77.Bh6 Kd5 78.Bf8 Be5 79.Bh6 Bd6 80.
Bd2 Be7 81.Bc3 Bg5 82.Be1 e5 83.Bg3 e4+ 84.Ke2 Be7 85.Be1 Bf8 86.Ke3 Bh6+ 
87.Kf2 Kc4 88.Ke2 Bg5 0-1

[Event "1st OHRA Open"]
[Site "Amsterdam NED"]
[Date "1982.07.13"]
[Round "6"]
[White "Ree, Hans"]
[Black "Van der Wiel, John"]
[Result "1/2-1/2"]
[WhiteElo "2490"]
[BlackElo "2520"]
[EventDate "1982.07.07"]
[PlyCount "46"]

1.d4 Nf6 2.c4 e6 3.Nf3 b6 4.g3 Ba6 5.Nbd2 Bb4 6.Qa4 c5 7.a3 Bxd2+ 8.Bxd2 
cxd4 9.Bg2 Bb7 10.O-O Qc8 11.Nxd4 Bxg2 12.Kxg2 Na6 13.f3 Nc5 14.Qc2 a6 15.
Rfd1 d6 16.Rac1 Qc7 17.b4 Ncd7 18.b5 a5 19.Nc6 Nb8 20.Bf4 e5 21.Nxb8 Rxb8 
22.Bg5 Nd7 23.a4 h6 1/2-1/2

[Event "1st OHRA Open"]
[Site "Amsterdam NED"]
[Date "1982.07.13"]
[Round "6"]
[White "Van Wijgerden, Cornelis"]
[Black "Hort, Vlastimil"]
[Result "0-1"]
[WhiteElo "2425"]
[BlackElo "2600"]
[EventDate "1982.07.07"]
[PlyCount "84"]

1.e4 c6 2.d4 d5 3.exd5 cxd5 4.Bd3 Nf6 5.c3 Bg4 6.Ne2 Nc6 7.Bg5 Qb6 8.Qb3 
Bxe2 9.Qxb6 axb6 10.Bxe2 e6 11.Nd2 Bd6 12.O-O O-O 13.a3 h6 14.Bh4 Bf4 15.
Rad1 Ne8 16.Bg3 Bxg3 17.hxg3 Nd6 18.Rfe1 b5 19.Nb3 Nc4 20.Rb1 b6 21.Bd3 
Rfe8 22.f4 h5 23.Re2 g6 24.Nd2 Kg7 25.Nf3 Ne7 26.Rbe1 Nd6 27.Nh4 Ng8 28.
Nf3 Nf6 29.Kh2 Nfe4 30.Nd2 f5 31.Nf3 Kf6 32.Rf1 Ra7 33.Ne5 Rg7 34.Nf3 Reg8
35.Re3 g5 36.Bxe4 gxf4 37.gxf4 Rxg2+ 38.Kh1 Nxe4 39.Ng5 Rxb2 40.Nxe4+ dxe4
41.Rh3 Rc2 42.Rb1 Rg4 0-1

[Event "1st OHRA Open"]
[Site "Amsterdam NED"]
[Date "1982.07.13"]
[Round "6"]
[White "Borm, Franciscus"]
[Black "Said, Said Ahmed"]
[Result "0-1"]
[WhiteElo "2330"]
[BlackElo "2395"]
[EventDate "1982.07.07"]
[PlyCount "135"]

1.e4 c5 2.Nf3 Nc6 3.d4 cxd4 4.Nxd4 Nf6 5.Nc3 d6 6.Be2 e5 7.Nf3 h6 8.O-O 
Be7 9.Re1 O-O 10.h3 Re8 11.Bf1 Bf8 12.a3 a6 13.Be3 b5 14.a4 b4 15.Nd5 Rb8 
16.a5 Nxd5 17.Qxd5 Qd7 18.Bc4 Bb7 19.Qd3 Ra8 20.Bd5 Be7 21.Nd2 Nd8 22.Nc4 
Bxd5 23.Qxd5 Qc6 24.Red1 Rc8 25.b3 Ne6 26.Qxc6 Rxc6 27.Ra4 Rb8 28.f3 Rb5 
29.Kf1 f6 30.Rd2 Kf7 31.Bb6 Nf4 32.Ne3 h5 33.h4 d5 34.exd5 Rd6 35.Bc7 Rd7 
36.d6 Ne6 37.Bb6 Rxd6 38.Rxd6 Bxd6 39.Ra1 Bc5 40.Nc4 Ke7 41.Ke2 Nf4+ 42.
Kf1 Nd5 43.Bxc5+ Rxc5 44.Kf2 Nc3 45.Re1 Ke6 46.Rg1 f5 47.Re1 Rd5 48.Kg3 
Kf6 49.Kh3 g6 50.g3 Nb5 51.Kg2 Na3 52.Nxa3 bxa3 53.Ra1 Rxa5 54.Kf2 Ke6 55.
Ke3 Kd5 56.Ra2 e4 57.fxe4+ fxe4 58.c3 Ke5 59.c4 Kf5 60.Kd4 Kg4 61.c5 e3 
62.Kxe3 Rxc5 63.Rxa3 Rc3+ 64.Kd4 Rxg3 65.Rxa6 Kxh4 66.b4 g5 67.Ra1 g4 68.
Rb1 0-1

[Event "1st OHRA Open"]
[Site "Amsterdam NED"]
[Date "1982.07.13"]
[Round "6"]
[White "Grunfeld, Yehuda"]
[Black "Van Baarle, John"]
[Result "1/2-1/2"]
[WhiteElo "2480"]
[BlackElo "2315"]
[EventDate "1982.07.07"]
[PlyCount "111"]

1.e4 c6 2.d4 d5 3.Nc3 dxe4 4.Nxe4 Nd7 5.Nf3 e6 6.Bd3 Ngf6 7.Nxf6+ Nxf6 8.
Qe2 c5 9.Bg5 Be7 10.O-O-O O-O 11.dxc5 Qa5 12.Kb1 Qxc5 13.h4 Rd8 14.Bxf6 
Bxf6 15.Bxh7+ Kxh7 16.Rxd8 Bxd8 17.Qd3+ Kg8 18.Qxd8+ Qf8 19.Qd3 f6 20.h5 
e5 21.Nh4 Be6 22.Ng6 Qc5 23.h6 gxh6 24.Rxh6 Qxf2 25.b3 Kg7 26.Nf4 Qg1+ 27.
Kb2 Qd4+ 28.Qxd4 exd4 29.Rh4 Bf5 30.Nh5+ Kg6 31.Ng3 Rd8 32.Rf4 Bc8 33.Ne4 
f5 34.Nf2 b6 35.Kc1 Kf6 36.Kd2 Ke6 37.a4 Ba6 38.g4 fxg4 39.Nxg4 Rd7 40.a5 
Rd6 41.Rf6+ Ke7 42.Rf5 Rg6 43.Rf4 Rd6 44.axb6 axb6 45.Ne5 Re6 46.Nd3 Bxd3 
47.cxd3 Rd6 48.Kc2 Ke6 49.Kb2 Ke5 50.Rh4 Rc6 51.Ka3 Rc3 52.Rh3 Kf4 53.Kb4 
Rc5 54.Ka4 Ra5+ 55.Kb4 Rc5 56.Ka4 1/2-1/2

[Event "1st OHRA Open"]
[Site "Amsterdam NED"]
[Date "1982.07.13"]
[Round "6"]
[White "Van der Vliet, Fredrik"]
[Black "Boersma, Paulus"]
[Result "1/2-1/2"]
[WhiteElo "2390"]
[BlackElo "2355"]
[EventDate "1982.07.07"]
[PlyCount "83"]

1.d4 Nf6 2.c4 g6 3.g3 Bg7 4.Bg2 O-O 5.Nf3 d6 6.O-O Nc6 7.Nc3 a6 8.d5 Na5 
9.Nd2 c5 10.Qc2 Rb8 11.b3 b5 12.Bb2 Bh6 13.f4 bxc4 14.bxc4 e6 15.Rab1 Bg7 
16.a3 Bd7 17.Bf3 Re8 18.dxe6 Bxe6 19.Nd5 Bxd5 20.cxd5 Re3 21.Bc3 Nd7 22.
Rxb8 Nxb8 23.Bxg7 Kxg7 24.Kf2 Qf6 25.Ne4 Qd4 26.Kg2 Qxd5 27.Rd1 Qb3 28.
Qxb3 Rxb3 29.Rxd6 c4 30.a4 c3 31.Rd1 c2 32.Rc1 Nc4 33.Kf2 Na3 34.Nc5 Rb4 
35.a5 Rb5 36.Nd3 Rxa5 37.Ra1 Nc4 38.Rxa5 Nxa5 39.Nc1 Nbc6 40.Ke3 Kf6 41.
Kd2 Nd4 42.Bd5 1/2-1/2

[Event "1st OHRA Open"]
[Site "Amsterdam NED"]
[Date "1982.07.13"]
[Round "6"]
[White "Kuligowski, Adam"]
[Black "Pliester, Leon"]
[Result "1-0"]
[WhiteElo "2450"]
[BlackElo "2300"]
[EventDate "1982.07.07"]
[PlyCount "82"]

1.d4 d5 2.c4 e6 3.Nf3 c6 4.Qc2 Nd7 5.g3 Ngf6 6.Bg2 Bd6 7.Nbd2 O-O 8.O-O 
Qe7 9.Re1 b5 10.c5 Bc7 11.a4 Ba6 12.e4 bxa4 13.Rxa4 Bb5 14.Ra3 Nxe4 15.
Nxe4 dxe4 16.Rxe4 h6 17.Rh4 f5 18.g4 e5 19.Qb3+ Qf7 20.Qxf7+ Rxf7 21.gxf5 
exd4 22.Nxd4 Re8 23.Be3 Re5 24.Rxa7 Nxc5 25.b4 Nd3 26.Ne6 Bd6 27.Ra8+ Bf8 
28.Rg4 Rexf5 29.Bxh6 Nxf2 30.Rxg7+ Rxg7 31.Bxg7 Nd3 32.Be4 Rf1+ 33.Kxf1 
Nf4+ 34.Ke1 Nxe6 35.Bxf8 Nxf8 36.Rc8 Kf7 37.Bxc6 Ba6 38.Rc7+ Ke6 39.b5 Kd6
40.Rf7 Ne6 41.bxa6 Kxc6 1-0

[Event "1st OHRA Open"]
[Site "Amsterdam NED"]
[Date "1982.07.13"]
[Round "6"]
[White "Iskov, Gert"]
[Black "Ligterink, Gert"]
[Result "1/2-1/2"]
[WhiteElo "2345"]
[BlackElo "2465"]
[EventDate "1982.07.07"]
[PlyCount "80"]

1.e4 c5 2.Nf3 e6 3.Nc3 d6 4.d4 cxd4 5.Nxd4 Nc6 6.g3 Nf6 7.Bg2 Bd7 8.O-O 
Be7 9.h3 O-O 10.Nde2 Qb8 11.a4 Nb4 12.g4 Rd8 13.g5 Ne8 14.Be3 d5 15.exd5 
exd5 16.Nxd5 Nxd5 17.Qxd5 Bxh3 18.Qe4 Bxg2 19.Kxg2 Qc7 20.Rh1 g6 21.Nd4 
Nd6 22.Qe5 Qd7 23.Qh2 h5 24.gxh6 Nc4 25.Qf4 Qd5+ 26.Qf3 Bf6 27.h7+ Kh8 28.
Qxd5 Rxd5 29.c3 Re8 30.Rh3 Bg5 31.Bxg5 Rxg5+ 32.Rg3 Rh5 33.b3 Nd6 34.Rd1 
Kxh7 35.c4 Ne4 36.Re1 f5 37.f3 Rd8 38.fxe4 Rxd4 39.exf5 Rd2+ 40.Kg1 Rxf5 
1/2-1/2

[Event "1st OHRA Open"]
[Site "Amsterdam NED"]
[Date "1982.07.13"]
[Round "6"]
[White "Hartoch, Robert"]
[Black "Kuijf, Hans"]
[Result "0-1"]
[WhiteElo "2390"]
[BlackElo "2310"]
[EventDate "1982.07.07"]
[PlyCount "126"]

1.e4 c5 2.f4 g6 3.Nf3 Bg7 4.Nc3 a6 5.g3 Nc6 6.Bg2 e6 7.O-O Nge7 8.d3 O-O 
9.Be3 Nd4 10.Ne2 Nxe2+ 11.Qxe2 b6 12.d4 d6 13.Rfd1 Qc7 14.e5 dxe5 15.Nxe5 
Rb8 16.dxc5 bxc5 17.Qc4 Rxb2 18.Bd4 Rb8 19.Qxc5 Qxc5 20.Bxc5 Bf6 21.Rab1 
Rxb1 22.Rxb1 Rd8 23.Rb8 Kg7 24.h4 Nf5 25.Kh2 h6 26.Bb6 Rh8 27.c4 g5 28.h5 
gxf4 29.gxf4 Bh4 30.Nd3 Bg3+ 31.Kg1 Rg8 32.Bb7 Bxb7 33.Rxb7 Kf6 34.Kf1 Nd6
35.Rc7 Rg4 36.Bd4+ Kf5 37.Be5 Ke4 38.Nf2+ Bxf2 39.Kxf2 Nf5 40.Rxf7 Rh4 41.
c5 Rh2+ 42.Kg1 Rc2 43.Rb7 Rxc5 44.Rb4+ Kf3 45.Rb3+ Kg4 46.Rb6 Rc1+ 47.Kf2 
Rc2+ 48.Ke1 Kf3 49.Rb2 Rxb2 50.Bxb2 Kxf4 51.Kd2 e5 52.Kc3 e4 53.Kb4 e3 54.
Ka5 Nd6 55.Bc3 Ne4 56.Be1 Kf3 57.Kxa6 Ke2 58.Bb4 Kd1 59.Be7 Ke1 60.a4 e2 
61.a5 Nd2 62.Kb7 Kf1 63.Bh4 Nf3 0-1